000 00295nam a22001097a 4500
008 230703b xxu||||| |||| 00| 0 eng d
082 _215
_a346.41
_bBOR 1969
245 _aStevens and Borrie's Elements of Mercantile Law
260 _aLondon
_bButterworths
_c1969
300 _a567P
942 _2ddc
_cBK
999 _c3175
_d3175